Basic principles and calculations in chemical engineering /

Bibliographic Details
Main Author: Himmelblau, David M. (David Mautner), 1923-2011
Format: Book
Language:English
Published: Englewood Cliffs, N.J. : Prentice-Hall, 1962.
Subjects:

MARC

Tag First Indicator Second Indicator Subfields
LEADER 00000cam a2200000 4500
001 in00000099457
005 20210123063349.0
008 760323s1962 xx 00000 eng u
010 |a  62009951  
035 |a (OCoLC)02062978 
035 |9 AAL3878AM 
040 |c AKP  |d TXA  |d UtOrBLW 
049 |a TXAM  |c [346197] 
090 |a TP151  |b .H5 
100 1 |a Himmelblau, David M.  |q (David Mautner),  |d 1923-2011. 
245 1 0 |a Basic principles and calculations in chemical engineering /  |c / David M. Himmelblau. 
264 1 |a Englewood Cliffs, N.J. :  |b Prentice-Hall,  |c 1962. 
300 |a ix, 459 pages :  |b illustrations ;  |c 24 cm. 
336 |a text  |b txt  |2 rdacontent 
337 |a unmediated  |b n  |2 rdamedia 
338 |a volume  |b nc  |2 rdacarrier 
500 |a Part of illustrative matter in pocket. 
504 |a Bibliographical footnotes. 
650 0 |a Chemical engineering  |v Tables. 
999 |a MARS 
999 f f |s b6af8208-6772-3d2b-9d92-db82fad62a3a  |i 5749cfa5-ce3f-3afa-9404-65e562ce10e0  |t 0 
952 f f |p ric  |a Texas A&M University  |b Rellis Campus  |c Joint Library Facility  |d Remote Storage  |t 0  |e TP151 .H5  |h Library of Congress classification  |i unmediated -- volume  |m A14805596087 
998 f f |a TP151 .H5  |t 0  |l Remote Storage